000 00881nmm a2200277 a 4500
001 ocm000702187
003 TR-IsHL
005 20201028124455.0
008 130902s2009 tu tur
007 cr cn
035 _a702187
_b(N$T)
050 0 4 _aPT2653.W42
_bA25 2009
090 0 4 _aPT2653.W42
_bA25 2009
100 1 _aZweig, Stefan
245 1 0 _aAcımak
_h[electronic resource] /
_cStefan Zweig ; çev. Sevil İnan Sönmez
250 _a1. bs.
260 _aİstanbul :
_bBirleşik Yayın Grubu,
_c2009
300 _a371 p.
650 4 _aDil ve Edebiyat
650 4 _aLanguage and Literature
650 0 _aAvusturya romanı
650 0 _aAustria fiction
650 7 _aLITERARY COLLECTIONS / European / German
_2bisacsh
700 1 _aSönmez, Sevil İlhan
856 4 0 _uhttp://search.ebscohost.com/login.aspx?direct=true&scope=site&db=e011xww&AN=702187
999 _c2970
_d2970